Half life / (Record no. 141789)

MARC details
000 -LEADER
fixed length control field 00452nam a22001817a 4500
005 - DATE AND TIME OF LATEST TRANSACTION
control field 20170622112002.0
010 ## - LCCN (DPL NO)
LC control number ENG-118769
020 ## - INTERNATIONAL STANDARD BOOK NUMBER
International Standard Book Number 9789382536444
Terms of availability 350.00
035 ## - SYSTEM CONTROL NUMBER
System control number EN-102301
037 ## - SOURCE OF ACQUISITION
Source of stock number/acquisition DBAD/PUB
082 ## - DEWEY DECIMAL CLASSIFICATION NUMBER
Classification number S
100 ## - MAIN ENTRY--PERSONAL NAME
Personal name Nitu
245 ## - TITLE STATEMENT
Title Half life /
Statement of responsibility, etc by Nitu
260 ## - PUBLICATION, DISTRIBUTION, ETC. (IMPRINT)
Place of publication, distribution, etc New Delhi
Name of publisher, distributor, etc Lifi Publications
Date of publication, distribution, etc 2017
270 ## - ADDRESS
Address 12, Rajendra Place
City New Delhi
Postal code 110008
300 ## - PHYSICAL DESCRIPTION
Extent 123p.
Dimensions 21cm(Hb)
942 ## - ADDED ENTRY ELEMENTS (KOHA)
Source of classification or shelving scheme Dewey Decimal Classification
Item type English Books
Classification part S
Call number suffix NIT
Holdings
Withdrawn status Lost status Not for loan Collection code Home library Current library Date acquired Source of acquisition Cost, normal purchase price Full call number Barcode Copy number Cost, replacement price Koha item type
      Fiction Ashok Vihar Ashok Vihar 22/06/2017 DBAD/PUB 350.00 S NIT EN-102301 1 350.00 English Books

© Delhi Public Library
Hit Counter
free hit counter